| 000 | 00407nam a2200133 a 4500 | ||
|---|---|---|---|
| 005 | 20141022142007.0 | ||
| 008 | 090825s19uu xx 00 eng d | ||
| 050 | _aAVM | ||
| 245 |
_aDesign your own effective employee handbook: _bhow to make the most of your staff. |
||
| 260 | _bAtlantic Publishing Group Inc. | ||
| 650 | _aVCD | ||
| 650 | _aDesign your own effective employee handbook. | ||
| 942 | _cAVM | ||
| 999 |
_c276581 _d276581 |
||